Born a champion (Record no. 358283)
[ view plain ]
| 000 -LEADER | |
|---|---|
| fixed length control field | 02329cgm a2200541Ka 4500 |
| 001 - CONTROL NUMBER | |
| control field | 1226327755 |
| 003 - CONTROL NUMBER IDENTIFIER | |
| control field | OCoLC |
| 005 - DATE AND TIME OF LATEST TRANSACTION | |
| control field | 20240913142436.0 |
| 007 - PHYSICAL DESCRIPTION FIXED FIELD--GENERAL INFORMATION | |
| fixed length control field | vd cvaizq |
| 008 - FIXED-LENGTH DATA ELEMENTS--GENERAL INFORMATION | |
| fixed length control field | 201209s2021 cau111 vleng d |
| 020 ## - INTERNATIONAL STANDARD BOOK NUMBER | |
| International Standard Book Number | 031398324379 |
| 024 1# - OTHER STANDARD IDENTIFIER | |
| Standard number or code | 031398324379 |
| 028 ## - PUBLISHER NUMBER | |
| Publisher number | 13766425 |
| 028 42 - PUBLISHER NUMBER | |
| Publisher number | 21439901 |
| Source | Anchor Bay |
| 035 ## - SYSTEM CONTROL NUMBER | |
| System control number | (OCoLC)1226327755 |
| 037 ## - SOURCE OF ACQUISITION | |
| Source of stock number/acquisition | Midwest Tape |
| Note | http://www.midwesttapes.com |
| 040 ## - CATALOGING SOURCE | |
| Original cataloging agency | TEFMT |
| Language of cataloging | eng |
| Transcribing agency | TEFMT |
| Modifying agency | OCLCO |
| -- | TEF |
| -- | OCLCO |
| -- | OCLCF |
| Description conventions | rda |
| 041 1# - LANGUAGE CODE | |
| Language code of text/sound track or separate title | eng |
| Language code of original and/or intermediate translations of text | eng |
| 092 ## - LOCALLY ASSIGNED DEWEY CALL NUMBER (OCLC) | |
| Classification number | BORN A CHAMPION |
| 245 00 - TITLE STATEMENT | |
| Title | Born a champion |
| Medium | [videorecording] / |
| Statement of responsibility, etc | producer, Ali Afshar, Ava Rettke ; writers, Sean Patrick Flanery, Alex Ranarivelo ; director, Alex Ranarivelo. |
| 264 #1 - Production, Publication, Distribution, Manufacture, and Copyright Notice. | |
| Place of production, publication, distribution, manufacture | Santa Monica, CA : |
| Name of producer, publisher, distributor, manufacturer | Lionsgate, |
| Date of production, publication, distribution, manufacture, or copyr | [2021] |
| 300 ## - PHYSICAL DESCRIPTION | |
| Extent | 1 videodisc (111 min.) : |
| Other physical details | sound, color ; |
| Dimensions | 4 3/4 in. |
| 336 ## - Content Type | |
| Content type term | two-dimensional moving image |
| 337 ## - Media type | |
| Media type term | video |
| 338 ## - Carrier type | |
| Carrier type term | videodisc |
| 500 ## - GENERAL NOTE | |
| General note | Title from sell sheet. |
| 500 ## - GENERAL NOTE | |
| General note | Originally released as a motion picture in 2021. |
| 500 ## - GENERAL NOTE | |
| General note | Wide screen. |
| 511 1# - PARTICIPANT OR PERFORMER NOTE | |
| Participant or performer note | Dennis Quaid, Katrina Bowden, Sean Patrick Flanery, Currie Graham, Costas Mandylor, Maurice Compte, Reno Wilson. |
| 520 ## - SUMMARY, ETC. | |
| Summary, etc | One of the first American black belts in Brazilian jiu-jitsu, Mickey Kelley, gets pulled away from everything he loves and into an unsanctioned MMA tournament. |
| 521 8# - TARGET AUDIENCE NOTE | |
| Target audience note | Rating: R; for language throughout. |
| 538 ## - SYSTEM DETAILS NOTE | |
| System details note | DVD, wide screen; Dolby digital 5.1. |
| 546 ## - LANGUAGE NOTE | |
| Language note | English dialogue; Spanish subtitles; subtitled for the deaf and hard of hearing (SDH). |
| 650 #0 - SUBJECT ADDED ENTRY--TOPICAL TERM | |
| Topical term or geographic name as entry element | Jiu-jitsu |
| Form subdivision | Drama. |
| 9 (RLIN) | 6402807 |
| 650 #0 - SUBJECT ADDED ENTRY--TOPICAL TERM | |
| Topical term or geographic name as entry element | Martial arts |
| General subdivision | Competitions |
| Form subdivision | Drama. |
| 9 (RLIN) | 6402808 |
| 655 #7 - INDEX TERM--GENRE/FORM | |
| Genre/form data or focus term | Drama. |
| Source of term | fast |
| 9 (RLIN) | 6402809 |
| 655 #7 - INDEX TERM--GENRE/FORM | |
| Genre/form data or focus term | Feature films. |
| Source of term | fast |
| 9 (RLIN) | 6402810 |
| 655 #7 - INDEX TERM--GENRE/FORM | |
| Genre/form data or focus term | Martial arts films. |
| Source of term | fast |
| 9 (RLIN) | 5755131 |
| 655 #7 - INDEX TERM--GENRE/FORM | |
| Genre/form data or focus term | Video recordings for the hearing impaired. |
| Source of term | fast |
| 9 (RLIN) | 6402811 |
| 700 1# - ADDED ENTRY--PERSONAL NAME | |
| Personal name | Ranarivelo, Alex, |
| Relator term | film director. |
| 9 (RLIN) | 6232689 |
| 700 1# - ADDED ENTRY--PERSONAL NAME | |
| Personal name | Quaid, Dennis. |
| Relator term | actor. |
| 9 (RLIN) | 31684 |
| 700 1# - ADDED ENTRY--PERSONAL NAME | |
| Personal name | Bowden, Katrina, |
| Dates associated with a name | 1988- |
| Relator term | actor. |
| 9 (RLIN) | 6238623 |
| 700 1# - ADDED ENTRY--PERSONAL NAME | |
| Personal name | Flanery, Sean Patrick. |
| Relator term | actor. |
| 9 (RLIN) | 62143 |
| 700 1# - ADDED ENTRY--PERSONAL NAME | |
| Personal name | Graham, Currie, |
| Dates associated with a name | 1967- |
| Relator term | actor. |
| 9 (RLIN) | 6222661 |
| 710 2# - ADDED ENTRY--CORPORATE NAME | |
| Corporate name or jurisdiction name as entry element | Lions Gate Films (Santa Monica, Calif.) |
| Relator term | publisher. |
| 9 (RLIN) | 6362752 |
| 907 ## - LOCAL DATA ELEMENT G, LDG (RLIN) | |
| a | .b44605138x |
| 942 ## - ADDED ENTRY ELEMENTS (KOHA) | |
| Source of classification or shelving scheme | Dewey Decimal Classification |
| Koha item type | Rated-R Video, DVD, or Blu-Ray |
| Withdrawn status | Lost status | Source of classification or shelving scheme | Damaged status | Not for loan | Collection code | Home library | Current library | Shelving location | Date acquired | Source of acquisition | Total Checkouts | Full call number | Barcode | Date last seen | Date checked out | Cost, replacement price | Price effective from | Koha item type |
|---|---|---|---|---|---|---|---|---|---|---|---|---|---|---|---|---|---|---|
| Dewey Decimal Classification | Movies | Wasatch County Library | Wasatch County Library | Audio Visual Area | 02/08/2021 | Micromarketing | 2 | DVD Bor | 34301001710773 | 03/07/2024 | 03/28/2022 | 19.98 | 02/08/2021 | DVD |
